Memoria Presentada al Tribunal nombrado por el Gobierno de Su Majestad Británica "Para considerar e informar sobre las diferencias suscitadas respecto a la frontera entre las repúblicas Argentina y Chilena" a fin de justificar la demanda Argentina de que el límite se trace en la cumbre de la Cordillera de Los Andes de acuerdo con los Tratados de 1881 y 1893.

Gespeichert in:
Bibliographische Detailangaben
Körperschaft: República Argentina
Format: Buch
Sprache:Spanisch
Veröffentlicht: London, England, United Kingdom Williams Clowes e Hijos, Limited 1902
Schlagworte:
Tags: Tag hinzufügen
Keine Tags, Fügen Sie den ersten Tag hinzu!

MARC

LEADER 00000nam a2200000 a 4500
001 UCJ8033
003 CL-VaPUC
005 20230125074250.0
008 070124e19020000UK |||||||||||||||||spa|d
999 |c 323893  |d 323891 
040 |c Pontificia Universidad Católica de Valparaíso 
082 0 4 |a 327.82083 REP 1902  |2 21 
110 2 |a República Argentina  |9 516745 
245 1 0 |a Memoria Presentada al Tribunal nombrado por el Gobierno de Su Majestad Británica "Para considerar e informar sobre las diferencias suscitadas respecto a la frontera entre las repúblicas Argentina y Chilena" a fin de justificar la demanda Argentina de que el límite se trace en la cumbre de la Cordillera de Los Andes de acuerdo con los Tratados de 1881 y 1893. 
260 0 3 |a London, England, United Kingdom  |b Williams Clowes e Hijos, Limited  |c 1902 
300 |a 4 volúmenes. 
500 |a Se ha dejado en 983, Historia de Chile, por razones obvias.- Los volúmenes 1 y 2, textos.- El v. 3 contiene numerosos mapas y fotografías sin indizar.- El v. 4 es una carpeta que contiene 20 subcarpetas con otros tantos mapas.- Libro de formato mayor 
583 |a last modification  |c 20070124 00:00:00  |k Rodrigo Vera 
650 0 |a Tratados internacionales   |9 256056 
650 0 |a Relaciones Internacionales  |9 255740 
650 7 |a CUESTIONES LIMITROFES  |2 CL-VaPUC  |9 504171 
650 0 |a Diplomacia  |9 256483 
650 0 |a Mapas  |9 260844 
651 0 |a Argentina  |9 254888 
651 7 |a CHILE  |2 CL-VaPUC  |9 516746 
651 0 |a Inglaterra  |9 255158 
942 |c BK  |2 ddc 
945 |d 20070124 00:00:00  |a rinostro 
952 |0 0  |1 0  |4 0  |6 327_820830000000000_REP_1902  |7 0  |8 X  |9 403731  |a FDOBUD  |b FDOBUD  |d 2019-11-22  |h v.1  |i 1071904  |o 327.82083 REP 1902  |p 1071904  |r 2019-11-22  |t 1  |w 2019-11-22  |y BK_X  |k BUD 
952 |0 0  |1 0  |4 0  |6 327_820830000000000_REP_1902  |7 0  |8 X  |9 403732  |a FDOBUD  |b FDOBUD  |d 2019-11-22  |h v.2  |i 1071912  |o 327.82083 REP 1902  |p 1071912  |r 2019-11-22  |t 1  |w 2019-11-22  |y BK_X  |k BUD 
952 |0 0  |1 0  |4 0  |6 327_820830000000000_REP_1902  |7 0  |8 X  |9 403733  |a FDOBUD  |b FDOBUD  |d 2019-11-22  |h v.3  |i 1071920  |o 327.82083 REP 1902  |p 1071920  |r 2019-11-22  |t 1  |w 2019-11-22  |y BK_X  |k BUD 
952 |0 0  |1 0  |4 0  |6 327_820830000000000_REP_1902  |7 0  |8 X  |9 403734  |a FDOBUD  |b FDOBUD  |d 2019-11-22  |h v.4  |i 1071939  |o 327.82083 REP 1902  |p 1071939  |r 2019-11-22  |t 1  |w 2019-11-22  |y BK_X  |k BUD